[Event "American Continental 2nd"]
[Site "Buenos Aires"]
[Date "2003.08.23"]
[Round "6"]
[White "Shabalov, Alexander"]
[Black "Garcia, Gildardo"]
[Result "1-0"]
[WhiteElo "2575"]
[BlackElo "2473"]
[Annotator "Ftacnik,L"]
[PlyCount "79"]
[EventDate "2003.08.17"]
[EventType "swiss"]
[EventRounds "11"]
[EventCountry "ARG"]
[SourceTitle "CBM 097"]
[Source "ChessBase"]
[SourceDate "2003.11.11"]
[SourceVersion "1"]
[SourceVersionDate "2003.11.11"]
[SourceQuality "1"]

1. e4 c5 2. Nf3 d6 3. d4 cxd4 4. Nxd4 Nf6 5. Nc3 a6 6. Bc4 e6 7. Bb3 b5 8. Bg5
Be7 9. Qf3 Qc7 10. e5 Bb7 11. exd6 Bxd6 12. Qe3 Be5 13. O-O-O O-O {If black
survives the storm in the opening his chances will be just fine.} 14. Rhe1 Nbd7
(14... Nfd7 15. f4 Bxd4 16. Rxd4 Nc5 $13) 15. Kb1 Rfe8 (15... Rad8 16. f4 Bxd4
17. Rxd4 h6 18. Bh4 $13) 16. a3 Rac8 (16... Bxd4 17. Rxd4 Bxg2 18. Rg1 Nd5 19.
Nxd5 Bxd5 20. Bf4 Qc6 $13) 17. Bxf6 Bxf6 $2 {[%mdl 64] Mistake, since it walks
into an original and powerful tactics.} (17... gxf6 $1 18. Nde2 Nc5 19. f4 Bd6
20. Ba2 f5 $15) 18. Nxe6 $1 fxe6 (18... Qc6 $5 19. Bd5 Rxe6 20. Bxc6 (20. Qxe6
fxe6 21. Rxe6 Qxd5 22. Nxd5 Bxd5 23. Rxd5 Nc5 $11) 20... Rxe3 21. Bxb7 Rxe1 22.
Rxe1 Bxc3 23. bxc3 Rb8 24. Bc6 $14) 19. Bxe6+ Kf8 20. Rxd7 Qxd7 (20... Qxh2 $2
21. Rf7+ Kg8 22. Rxf6+ Kh8 23. Bxc8 $18) 21. Bxd7 Rxe3 22. Rxe3 Rd8 (22... Rc7
23. Bh3 Bd4 24. Rd3 Bxf2 25. Be6 $16) 23. Bh3 Rd2 (23... Bd4 24. Rd3 Ke7 25. f3
$16) 24. f3 Rf2 {Despite great activity black can not claim compensation for
the two missing pawns.} (24... Bd4 25. Rd3 Rxd3 26. cxd3 $16) 25. Re1 (25. Rd3
Rf1+ 26. Ka2 Rh1 27. Nd5 Bxd5+ 28. Rxd5 Rxh2 29. Rd6 $16) 25... Bxc3 26. bxc3
Bd5 27. Kc1 Bc4 28. Rd1 Ke7 29. Rd2 Rf1+ (29... Rxd2 30. Kxd2 Kd6 31. Bc8 a5
32. Bf5 Bg8 33. f4 $18) 30. Kb2 Rh1 31. g3 g5 (31... h5 32. f4 $18) 32. Bc8 a5
33. Rd7+ Kf6 34. Rxh7 {Garcia is three pawns down and the end is not far away.}
Rf1 35. Bb7 Rf2 36. Be4 Ke5 (36... Be2 37. Rh6+ Kf7 38. Rh5 Kf6 39. h4 gxh4 40.
Rxh4 $18) 37. Rg7 Rxh2 38. Rxg5+ Kd6 39. Rg6+ Ke5 40. a4 1-0

[Event "EU-Cup 18th"]
[Site "Kallithea"]
[Date "2002.09.24"]
[Round "3.4"]
[White "Del Rio de Angelis, Salvador Gabriel"]
[Black "Areshchenko, Alexander"]
[Result "1/2-1/2"]
[WhiteElo "2498"]
[BlackElo "2533"]
[Annotator "Ftacnik,L"]
[PlyCount "58"]
[EventDate "2002.09.22"]
[EventType "team-swiss"]
[EventRounds "7"]
[EventCountry "GRE"]
[SourceTitle "CBM 092"]
[Source "ChessBase"]
[SourceDate "2003.02.06"]
[SourceVersion "1"]
[SourceVersionDate "2003.02.06"]
[SourceQuality "1"]
[WhiteTeam "Reverte Albox"]
[BlackTeam "Momot Alexander"]
[WhiteTeamCountry "ESP"]
[BlackTeamCountry "UKR"]

1. e4 c5 2. Nf3 d6 3. d4 cxd4 4. Nxd4 Nf6 5. Nc3 a6 6. Bc4 e6 7. Bb3 b5 8. O-O
Be7 9. Qf3 Qb6 10. Bg5 O-O 11. Rad1 Nbd7 12. Rfe1 Bb7 13. Qh3 Nc5 14. Re3 {
White is rushing the conflict with speedy build up of forces on the kingside.
Black has no other option than to start active play on the opposite side.} b4
15. Na4 Nxa4 (15... Qc7 16. e5 dxe5 17. Nxc5 Qxc5 18. Nxe6 fxe6 19. Qxe6+ Kh8
20. Rxe5 Qa7 21. Qxe7 Nd5 22. Be3 Nxe7 23. Bxa7 Ng6 24. Bd4 Nxe5 25. Bxe5 $14)
16. Bxa4 Qa5 (16... Qc7 17. Bb3 Rfe8 18. Rde1 $11) 17. Bc6 Bxc6 (17... Rfb8 18.
Rg3 $14) 18. Nxc6 Qxg5 19. Nxe7+ Kh8 20. Qg3 (20. e5 dxe5 21. Nc6 e4 22. Nxb4
Rab8 $15) 20... Qa5 21. Nc6 Qxa2 22. Nxb4 (22. Qxd6 Qxb2 23. Nxb4 (23. Qxb4
Qxc2 24. Qd6 Nxe4 $19) 23... Rad8) 22... Qxb2 23. Qxd6 {The critical position
in which black can grab the queen due to the possibility of 25...Ng8.} (23. Rb3
Qe5 24. Qxe5 dxe5 25. f3 $15) 23... Rad8 24. Qxd8 Rxd8 25. Rxd8+ Ng8 26. Nd3
Qb6 (26... Qxc2 $5 27. Re1 Qc7 28. Rd4 h6 29. Rc1 $11) 27. Rf8 f6 28. h3 (28.
e5 f5 29. Re1 g5 30. Ra1 Qc6 31. Rd8 $16) 28... e5 29. c4 (29. Nxe5 $5 fxe5 30.
Rc3 a5 $1 31. Rcc8 Qe6 32. c4 a4 33. c5 a3 34. c6 a2 35. Ra8 a1=Q+ 36. Rxa1
Qxc6 37. Raa8 h5 38. Rxg8+ Kh7 $14) 29... Qd6 (29... Qd6 30. Rc8 Qd7 $14)
1/2-1/2

[Event "Biel Credit Suisse"]
[Site "Biel"]
[Date "1997.07.27"]
[Round "6"]
[White "Lautier, Joel"]
[Black "Anand, Viswanathan"]
[Result "0-1"]
[WhiteElo "2660"]
[BlackElo "2765"]
[Annotator "Ftacnik,L"]
[PlyCount "68"]
[EventDate "1997.07.20"]
[EventType "tourn"]
[EventRounds "10"]
[EventCountry "SUI"]
[EventCategory "17"]
[SourceTitle "CBM 060"]
[Source "ChessBase"]
[SourceDate "1997.09.29"]
[SourceVersion "1"]
[SourceVersionDate "1997.09.29"]
[SourceQuality "1"]

1. e4 c5 2. Nf3 d6 3. d4 cxd4 4. Nxd4 Nf6 5. Nc3 a6 6. Bc4 e6 7. Bb3 b5 8. O-O
b4 9. Na4 Bd7 10. f4 (10. Re1 Nc6 (10... Be7 11. a3 (11. f4 Nc6 12. e5 dxe5 13.
fxe5 Nxd4 14. Qxd4 Nd5 15. c4 bxc3 16. Nxc3 Nxc3 17. Qxc3 O-O 18. Be3 Qb8 19.
Qd4 Bc6 20. Rac1 Qb7 21. Qg4 Be4 22. Bc2 Bxc2 23. Rxc2 Rfc8 24. Bh6 g6 {
Cetkovic,B-Ilincic,Z/JUG-chT2 (02)/1993/1/2-1/2 (53)}) 11... a5 12. Bd2 Na6 13.
axb4 axb4 14. Qe2 Qb8 15. Bc4 Qb7 16. e5 dxe5 17. Qxe5 O-O 18. Nxe6 Bxe6 19.
Bxe6 fxe6 20. Qxe6+ Rf7 21. Nb6 Rd8 {0-1 Dekic,J-Ilincic,Z/JUG-chT Cetinje/
1992 (26)}) 11. c3 Rb8 12. cxb4 Rxb4 13. Nxc6 Bxc6 14. Nc3 Be7 15. Qd3 a5 16.
Bc2 O-O 17. b3 Qc7 {1/2-1/2 Sieiro Gonzalez,L-Ortega,L/Capablanca mem (01)/1989
}) 10... Nc6 11. Be3 (11. f5 $5 e5 (11... Nxd4 12. Qxd4 e5 13. Qxb4 d5 14. Qe1
dxe4 15. Be3 $16) 12. Ne6 fxe6 13. fxe6 Bc8 14. Bg5 Be7 15. Bxf6 Bxf6 16. Rxf6
$1 Qxf6 17. Qxd6 $40 Nd4 $8 18. Nb6 Bxe6 $8 19. Nxa8 Ne2+ 20. Kh1 Ng3+ $1 21.
hxg3 Qh6+ 22. Kg1 Qe3+ 23. Kh2 Qh6+ {1/2-1/2 Kalegin,E-Dvoirys,S/USSR/1988/})
11... Rb8 12. c3 Be7 13. e5 dxe5 $5 (13... Nd5 14. Bxd5 exd5 15. e6 fxe6 16. f5
exf5 17. Nxf5 Bxf5 18. Rxf5 Qd7 19. Qxd5 Ne5 20. Raf1 Qxa4 21. Bg5 Ng6 22. Bxe7
Nxe7 23. Re1 Qd7 24. Rf7 Qa7+ 25. Kh1 Rb7 26. Rxg7 {Kalegin,E-Dvoirys,S/Kursk/
1987/1/2-1/2 (61)}) 14. fxe5 (14. Nxc6 Bxc6 15. fxe5 Nd5 16. Qh5 O-O $15) 14...
Nxe5 15. Bf4 Ng6 (15... Nfg4 $2 16. h3 g5 17. Bg3 Ne3 18. Qe2 Nxf1 19. Bxe5 $18
) 16. Bxb8 Qxb8 17. cxb4 $6 (17. Qe2 Bd6 18. g3 O-O $44) 17... Bxb4 18. Rc1 O-O
19. Kh1 (19. Nc6 $2 Bxc6 20. Rxc6 Ne5 21. Rxa6 Neg4 22. g3 Ne3 23. Qc1 Nxf1 24.
Qxf1 Qb7 $17) 19... Rd8 20. Nc5 (20. a3 $2 Be7 21. Nc3 Be8 $19) (20. Qe2 Bxa4
21. Bxa4 Rxd4 $19) (20. Nc3 Be8 21. Rxf6 gxf6 22. Ne4 Qf4 $19) 20... Bxc5 21.
Rxc5 Bb5 22. Rxf6 (22. Rf3 Qb6 (22... Ng4 23. Qg1 Rxd4 24. h3 $17) 23. Qc2 Rxd4
24. Rc8+ Ne8 $19) 22... gxf6 23. Qg1 (23. Qc1 Ne5 $17) 23... Be8 24. Nc6 (24.
Rc1 Qb6 25. Rd1 a5 $17) 24... Bxc6 25. Rxc6 a5 26. Qf2 (26. Qb6 Qxb6 27. Rxb6
Rd2 $19) 26... Kg7 (26... Qf4 27. Qxf4 Nxf4 28. h4 h5 $17) 27. h3 Rd7 28. Rc5
Qd8 $1 29. Qe3 Rd3 30. Qe1 Qd4 (30... Rd2 31. Bc2 Qd4 $17) 31. Rxa5 (31. Qxa5
Qe4 32. Kh2 Nh4 $19) 31... Re3 32. Qc1 (32. Qg1 Qd2 33. Kh2 Nh4 $19) 32... Qe4
33. Kh2 (33. Rc5 Rxh3+ 34. Kg1 Qd4+ $19) 33... Qf4+ 34. Kg1 Qg3 (34... Qg3 35.
Kf1 Nf4 36. Qd2 Re1+ 37. Qxe1 Qxg2#) 0-1

[Event "Odorheiu Secuiesc zt"]
[Site "Odorheiu Secuiesc"]
[Date "1995.??.??"]
[Round "2"]
[White "Gdanski, Jacek"]
[Black "Mozny, Milos"]
[Result "1-0"]
[WhiteElo "2490"]
[BlackElo "2435"]
[Annotator "Ftacnik,L"]
[PlyCount "45"]
[EventDate "1995.03.??"]
[EventType "swiss"]
[EventRounds "9"]
[EventCountry "ROU"]
[SourceTitle "CBM 047"]
[Source "ChessBase"]
[SourceDate "1995.08.01"]
[SourceVersion "1"]
[SourceVersionDate "1995.08.01"]
[SourceQuality "1"]

1. e4 c5 2. Nc3 e6 3. Nf3 d6 4. d4 cxd4 5. Nxd4 Nf6 6. Bc4 a6 7. Bb3 b5 8. O-O
Be7 9. Qf3 Qb6 10. Be3 Qb7 11. Qg3 Bd7 12. Nf5 exf5 13. Qxg7 Rf8 14. Bg5 Ng8 (
14... Nxe4 15. Bxe7 Kxe7 16. Nd5+ Ke8 17. f3 Be6 18. fxe4 Nd7 19. Qg5 f6 20.
Qg7 Rf7 21. Qg8+ (21. Qh8+ Rf8 22. Qxh7 $18) 21... Nf8 22. Nc7+ Rxc7 23. Bxe6
Rg7 24. Qh8 {Grilc,S-Stamenkovic,B/JUG-chT Cetinje (5)/1990/0.5 (30)}) 15. Bxe7
(15. Bxf7+ Rxf7 16. Qxg8+ Rf8 17. Qxh7 $16 {Ivanchuk,V-Sakhvorostov/Yurmala/
1985/}) 15... Nxe7 16. Nd5 Ng8 17. exf5 Nc6 18. Rfe1+ (18. Nf6+ Nxf6 19. Qxf6
Ne7 20. Rfe1 Bc6 21. Qxd6 Rd8 22. Rxe7+ Qxe7 23. Qxc6+ Rd7 24. Be6 {Silva,
F-Hawelko,M/Thessaloniki olm (10)/1988/1-0 (31)}) 18... Ne5 19. Nf6+ $1 Nxf6 (
19... Ke7 20. Nxg8+ Rxg8 21. Qxf7+ $18) 20. Qxf6 Bc6 21. Rad1 (21. Qxd6 f6)
21... Rg8 22. Rxe5+ dxe5 (22... Kf8 23. Qh6+ Rg7 24. Qxd6+ Kg8 25. Qd8+ $18)
23. Bxf7+ (23. Bxf7+ Qxf7 24. Qxc6+ Kf8 25. Qxa8+ $18) 1-0

[Event "Morelia/Linares 25th"]
[Site "Morelia/Linares"]
[Date "2008.03.01"]
[Round "10"]
[White "Ivanchuk, Vassily"]
[Black "Topalov, Veselin"]
[Result "1/2-1/2"]
[WhiteElo "2751"]
[BlackElo "2780"]
[Annotator "Ftacnik,L"]
[PlyCount "123"]
[EventDate "2008.02.15"]
[EventType "tourn"]
[EventRounds "14"]
[EventCountry "ESP"]
[EventCategory "21"]
[SourceTitle "CBM 123"]
[Source "ChessBase"]
[SourceDate "2008.04.02"]
[SourceVersion "1"]
[SourceVersionDate "2008.04.02"]
[SourceQuality "1"]

1. e4 c5 2. Nf3 d6 3. d4 cxd4 4. Nxd4 Nf6 5. Nc3 a6 6. Bc4 e6 7. Bb3 b5 8. O-O
Be7 9. Qf3 Qb6 10. Be3 Qb7 11. Qg3 b4 12. Na4 Nbd7 13. f3 O-O 14. Rfd1 Kh8 15.
Kh1 {White should have less reasons to remove the king to the corner, but
praxis is proving good chances for the second player.} (15. Rac1 Ne5 16. Ne2
Rb8 (16... a5 17. c4 bxc3 18. Nexc3 (18. Rxc3 Bd7 19. Nb6 Ra6 20. Nxd7 Nexd7
21. Rdc1 a4 22. Bc2 Ra5 23. b4 axb3 24. Bxb3 Qa6 25. Nd4 {1/2 Zapata,A (2515)
-Morovic Fernandez,I (2580)/Cienfuegos 1997 (48)}) 18... Ra6 19. f4 Ng6 20. Bc4
Rc6 21. Bd3 Qb8 22. Qf3 Bb7 23. h3 d5 24. e5 d4 25. exf6 Rxc3 26. fxg7+ Kxg7
27. Bxd4+ Kg8 {1/2 Zapata,A (2515)-Morovic Fernandez,I (2580)/Yopal 1997 (42)})
17. c4 bxc3 18. Nexc3 Bd7 19. Nb6 Bc6 20. Kh1 Rfd8 21. Rc2 Nfd7 22. Nxd7 Bxd7
23. Rcd2 Be8 24. f4 Nd7 25. f5 $14 {1-0 Comp Fritz 6-Van Wely,L (2643)/
Eindhoven 2000 (36)}) (15. c3 bxc3 16. Nxc3 Nc5 17. Na4 Nxb3 18. Nxb3 a5 19.
Rac1 Bd7 20. Nb6 Ra6 21. Nxd7 Nxd7 22. Bd4 e5 23. Bc3 a4 $11 {0-1 Zorko,J 
(2339)-Lenic,L (2458)/Murska Sobota 2006 (38)}) (15. Ne2 a5 16. c3 Ra6 17. Qf2
Ne5 18. c4 Bd7 19. c5 Bxa4 20. Bxa4 dxc5 21. Bxc5 Neg4 22. Qd4 e5 $19 {1-0
Roskar,R (2284)-Vombek,D (2344)/Murska Sobota 2007 (40)}) 15... Ne5 16. a3 bxa3
{Topalov is rightly mistrustful about the move 16..a5. The semi-open b- and
c-files should be sufficient for getting enough counterplay.} (16... a5 17. Nb6
$1 Ra6 (17... Qxb6 18. Nxe6 Nh5 19. Qe1 Qb8 20. Nxf8 Bxf8 21. axb4 axb4 22.
Rxa8 Qxa8 23. Qxb4 $16) 18. Nxc8 Rxc8 19. axb4 axb4 20. Qe1 $14) 17. Rxa3 Rb8
18. Nc3 Ned7 19. Ra2 {Interesting tactics would be introduced the the rook
advance to a5, but the evaluation of the position would remain unchanged.} (19.
Ra5 $5 Qc7 (19... Nc5 20. Rxc5 dxc5 21. Nc6 Ra8 (21... c4 22. Qxb8 Qxb8 23.
Nxb8 cxb3 24. cxb3 $14) 22. Nxe7 Qxe7 23. e5 Nd7 24. Ne4 Bb7 25. Ba4 Rfd8 $13)
20. Ra4 Nc5 $13) 19... Nc5 20. Bc4 Qc7 (20... Qb4 21. Nc6 Qxc4 22. Nxb8 Bb7 23.
Bxc5 Qxc5 24. Nxa6 Qb6 25. Rda1 Bxa6 (25... Ra8 26. Nb4 Rxa2 27. Nbxa2 $18) 26.
Rxa6 Qxb2 27. Qe1 Qxc2 28. Ra7 $16) 21. b3 Bd7 22. Qe1 Rfc8 23. Rda1 Ne8 (23...
Kg8 24. Nde2 $14) 24. Nde2 Bf6 25. Bd4 $6 {With each move Ivanchuk was
masterfully improving the coordination of his pieces, but the last move helps
the defender.} (25. Ra5 $1 Kg8 26. Bxc5 dxc5 27. Bxa6 $16) 25... Bxd4 26. Nxd4
Qb6 (26... Rb6 27. Qe3 Nf6 28. Nde2 $16) 27. Qe3 Nc7 28. h3 h6 (28... Nb5 $5
29. Nce2 Kg8 $11) 29. Ra5 Kg8 30. R1a2 Qb4 (30... Nb7 31. Rh5 (31. R5a3 Nc5)
31... Nc5 $13) 31. Nce2 Qb6 32. Nc3 Qb4 33. Nce2 Qb6 34. Ng3 d5 $2 {Is Black
wanting to punish White for avoiding the repetition? It was much better to
keep playing with restraint, without disturbing the balance.} (34... Re8 35.
Qc3 (35. Nh5 d5 36. Qc3 dxc4 37. Nc6 (37. Nf5 e5 38. Nfxg7 Nb5 $15) 37... f6
38. Nxf6+ gxf6 39. Qxf6 Qxc6 40. Qg6+ $11) 35... g6 36. f4 e5 37. fxe5 Rxe5 $11
) (34... Nb5 35. Bxb5 axb5 $11) 35. exd5 exd5 36. Ndf5 Re8 (36... dxc4 $2 37.
Ne7+ Kh8 38. Nxc8 Rxc8 39. Qxc5) 37. Qxc5 $2 {[%mdl 128] White spoils his
chance to unleash an extremely unpleasant attack with the wicked queen move to
c3.} (37. Qc3 $1 f6 (37... Bxf5 38. Nxf5 Qg6 (38... f6 39. Bxd5+ Nxd5 40. Qxc5
$16) 39. Rxc5 dxc4 40. Qxc4 $16) (37... N5e6 38. Bxd5 Bb5 39. Be4 Rbd8 40. Qa1
Rd7 41. c4 Red8 42. Qg1 Rd1 43. Nf1 Qxg1+ 44. Kxg1 $16) (37... Qg6 38. Rxc5
dxc4 39. Qxc4 $16) 38. Nxg7 $1 Kxg7 (38... Rf8 39. Qd4 dxc4 40. Rxc5 cxb3 41.
cxb3 Qxb3 42. Qxd7 Rf7 43. Qd2 Rxg7 44. Nf5 $18) 39. Nh5+ Kg6 40. Rxc5 dxc4 (
40... Qxc5 41. Qxf6+ Kxh5 42. g4+ Bxg4 43. hxg4#) 41. Rxc7 Re1+ (41... Kxh5 42.
Rxd7 $16) 42. Qxe1 Qxc7 43. Qe7 Qe5 44. Qxd7 Qxh5 45. Rxa6 $18) 37... dxc4 38.
bxc4 Bxf5 (38... Qxc5 39. Rxc5 Ne6 40. Rca5 Nc7 41. Kh2 $16) 39. Nxf5 Re2 40.
Qxb6 Rxb6 41. Kh2 {Ivanchuk has a pleasant advantage, but Black will keep
pestering him with his pieces.} (41. c5 Rb4 42. Nd6 $16) (41. Nd4 Re3 42. Kg1
$16) 41... Rd2 (41... Rg6 42. Ng3 Rf2 43. Re5 $16) 42. h4 (42. Rc5 Ne6 43. Rd5
Re2 44. Ng3 Re1 45. c5 Rc6 46. Ne4 $16) 42... Kh7 43. h5 (43. Rc5 Ne6 44. Rd5
Rf2 45. Rd7 g5 46. Kg1 Re2 47. Ng3 $16) 43... Rf6 44. Re5 Ne6 45. Rxa6 $2 {
The tactics work against White, the whole advantage now goes up in a smoke.} (
45. c5 Nf4 46. Ne3 $14) 45... Nd4 $1 46. Rxf6 Nxf3+ 47. Kh3 Nxe5 48. Rd6 $6 {
Fortunatelly for the Ukrainian player this second mistake will be less costly.}
(48. Ra6 Rxc2 (48... Nxc4 49. Ra7 Kg8 50. Ra8+ Kh7 51. Ra7 Ne5 52. Re7 Rd5 53.
Kg3 $11) 49. Nd6 Nxc4 50. Rc6 Ne3 51. Rxc2 Nxc2 52. Nxf7 $11) 48... Rxc2 49.
Rd5 Nxc4 50. Rc5 Ne3 (50... Rf2 51. Rxc4 Rxf5 52. g4 $15) 51. Rxc2 Nxc2 52. g4
{Topalov will find it impossible too activate his king without exchanging
pawns with a nearly immediate draw.} Ne1 53. Kg3 Nd3 54. Kf3 Kg8 55. Ke4 Nc5+
56. Kd5 Nd7 57. Ke4 Kf8 58. Kf4 Nc5 59. Ke5 Ne6 60. Kd5 Ke8 61. Ke5 Kf8 {
Both super grandmasters have seen the knight sacrifice on g7, Black refused to
try it on the board.} (61... Kd7 62. Nxg7 $1 Nxg7 63. Kf6 Nxh5+ 64. gxh5 Ke8
65. Kg7 f5 66. Kxh6 f4 67. Kg7 f3 68. h6 f2 $11) 62. Ke4 1/2-1/2

[Event "Corus-B"]
[Site "Wijk aan Zee"]
[Date "2003.01.16"]
[Round "5"]
[White "Stellwagen, Daniel"]
[Black "Naiditsch, Arkadij"]
[Result "1-0"]
[WhiteElo "2427"]
[BlackElo "2585"]
[Annotator "Ftacnik,L"]
[PlyCount "59"]
[EventDate "2003.01.14"]
[EventType "tourn"]
[EventRounds "13"]
[EventCountry "NED"]
[EventCategory "13"]
[SourceTitle "CBM 093"]
[Source "ChessBase"]
[SourceDate "2003.04.01"]
[SourceVersion "1"]
[SourceVersionDate "2003.04.01"]
[SourceQuality "1"]

1. e4 c5 2. Nf3 d6 3. d4 cxd4 4. Nxd4 Nf6 5. Nc3 a6 6. Bc4 e6 7. Bb3 b5 8. Bg5
Be7 9. Qf3 Qc7 10. e5 Bb7 11. exd6 Bxd6 12. Qe3 h6 13. Bxf6 gxf6 (13... Bf4 $2
14. Nxe6 fxe6 15. Qxe6+ Kf8 16. Rd1 {1-0 Mueller,K-Trisic,A/Hamburg 1999/ (16)}
) 14. Bxe6 $5 {[%mdl 128] White is trying to solve the problem of breaking
through the black's defences with brute force, but it is quite risky.} (14. Nd5
Bxd5 15. Bxd5 Ra7 16. g3 Be5 17. O-O-O Qc5 18. Be4 Rd7 19. Nc6 Qxe3+ 20. fxe3
O-O 21. Nxb8 Rxd1+ 22. Rxd1 Rxb8 23. Rd7 $14 {1-0 Sprenger,J-Naiditsch,A/Bad
Woerishofen 2001/ (63)}) 14... fxe6 (14... Bf4 15. Qe2 Kf8 16. Bd5 $16) 15.
Nxe6 Qe7 (15... Qc8 16. O-O-O Be7 17. Rhe1 Kf7 18. Qe2 $1 h5 19. Ng5+ Kg6 20.
Qxe7 $18) 16. O-O-O Kf7 17. Rhe1 Be5 (17... Bxg2 18. Ne4 Be5 (18... Bxe4 19.
Qxe4 Ra7 20. Qf5 $18) 19. N4c5 Nc6 20. f4 Bd6 21. Qe2 $18) 18. f4 Qxe6 (18...
Bxc3 $2 19. Ng5+ $18) 19. fxe5 Qxe5 $2 {Once again the defence proved too
challenging even for very talanted players, taking with the pawn 19...fxe5 had
many advantages.} (19... fxe5 20. Qg3 (20. Qf2+ Qf6 21. Qe2 Kg7 22. Nd5 Bxd5
23. Rxd5 Re8 $17) 20... Rg8 21. Rf1+ Ke8 22. Rd6 Rxg3 23. Rxe6+ Kd7 24. Rxh6
Rg7 $15) 20. Qb6 $1 Qf4+ (20... Qg5+ 21. Kb1 Bc6 22. Qc7+ Kg6 23. Re7 $16) 21.
Kb1 Bc6 22. g3 Qf5 23. Qc7+ Bd7 (23... Kg6 24. Ne2 $1 h5 25. Nf4+ Kh6 26. Ne6
$16) 24. g4 (24. Qb7 Qc5 25. Rxd7+ Nxd7 26. Qxd7+ Kf8 27. Nd5 $18) 24... Qf3 (
24... Qxg4 25. Qb7 $18) 25. Nd5 Rc8 (25... Re8 26. Rf1 Qxg4 27. Nxf6 Qxd1+ 28.
Rxd1 Kxf6 29. Qf4+ $18) 26. Qd6 {It becomes obvious, that too many black
pieces are sleeping happily on the queenside.} (26. Qb7 Qg2 27. c3 $18) 26...
Bxg4 (26... Rc6 27. Qe7+ Kg6 28. Rf1 $18) 27. Re7+ Kg6 (27... Kf8 28. Rg1 Re8
29. Rh7+ Kg8 30. Rxg4+ Kxh7 31. Qc7+ $18) 28. Nf4+ Qxf4 29. Qxf4 Bxd1 30. Qe4+
(30. Qe4+ f5 31. Re6+ Kg7 (31... Kg5 32. h4+ Kh5 33. Qf4 Bxc2+ 34. Ka1 Rh8 35.
Rxh6+ Rxh6 36. Qg5#) 32. Qe5+ $18) 1-0

[Event "Bundesliga 0506"]
[Site "Germany"]
[Date "2005.11.12"]
[Round "3.8"]
[White "Meinhardt, Maximilian"]
[Black "Schlosser, Philipp"]
[Result "0-1"]
[WhiteElo "2372"]
[BlackElo "2560"]
[Annotator "Ftacnik,L"]
[PlyCount "112"]
[EventDate "2005.10.21"]
[EventType "team-tourn"]
[EventRounds "15"]
[EventCountry "GER"]
[SourceTitle "CBM 110"]
[Source "ChessBase"]
[SourceDate "2006.01.31"]
[SourceVersion "1"]
[SourceVersionDate "2006.01.31"]
[SourceQuality "1"]
[WhiteTeam "Eppingen"]
[BlackTeam "Baden-Baden"]
[WhiteTeamCountry "GER"]
[BlackTeamCountry "GER"]

1. e4 c5 2. Nf3 d6 3. Nc3 Nf6 4. d4 cxd4 5. Nxd4 a6 6. Bc4 e6 7. Bb3 b5 8. O-O
Be7 9. Qf3 Qb6 10. Bg5 O-O 11. Rad1 Nbd7 12. Qg3 Nc5 13. Bh6 Ne8 14. Rfe1 (14.
Bd5 Bb7 15. b4 exd5 16. bxc5 dxc5 17. Nf5 Bf6 18. e5 Kh8 19. Bf4 Bd8 20. Nxd5
Qe6 21. Nfe3 Nc7 {0-1 Vass,V-Hohl,M/Budapest 2000/ (44)}) 14... Bd7 15. Nf5 $6
{White has all the pieces directed to the center and kingside, but black is
defending well. The sacrifice of the knight is tempting, but Schlosser will
defend very well.} (15. a3 Bf6 $11) 15... exf5 (15... Bf6 16. Nxd6 $16) 16. Nd5
Qd8 17. Nxe7+ (17. exf5 Bf6 18. Rxe8 Rxe8 19. Bxg7 Bh4 (19... Bxg7 20. f6 Ne6
$19) 20. Bf6+ Bxg3 21. Bxd8 Bxf2+ 22. Kxf2 Ne4+ 23. Kf3 Raxd8 $19) 17... Qxe7
18. Bg5 (18. exf5 Qf6 19. Bg5 Qxf5 20. Be7 Be6 $17) 18... Qe5 (18... f4 19.
Qxf4 Nf6 20. Rxd6 $13) 19. Qxe5 dxe5 20. Be7 {Meinhardt has nothing better
than to get some material back, even though the final count will favour the
opponent.} (20. exf5 Nxb3 21. Rxd7 Na5 $17) 20... Nxb3 21. Rxd7 (21. axb3 Be6
22. exf5 Bxf5 23. c3 f6 24. Bxf8 Kxf8 $19) 21... Nd4 22. c3 Nc6 23. Bxf8 Kxf8
24. exf5 Rc8 $17 {White has a rook and a pawn for thwo knight, but his rooks
have no access to the black's position.} 25. f3 h5 (25... Nf6 26. Rb7 Nd5 27.
Rd1 Rd8 $17) 26. Red1 Nf6 27. Rb7 (27. R7d6 a5 28. h4 Ke7 $17) 27... Na5 28.
Ra7 Nc4 29. Rxa6 (29. b3 Ne3 30. Rd3 Ned5 31. Rxa6 Nxc3 $17) (29. Re1 Nxb2 30.
Rxe5 b4 31. Ree7 bxc3 32. Rxf7+ Ke8 33. Rae7+ Kd8 34. g3 Nd3 35. Rf8+ Kxe7 36.
Rxc8 Nd5 $19) 29... Nxb2 30. Rb1 Nd3 31. Rxb5 (31. Kf1 Nd5 32. Rxb5 Nxc3 33.
Rb3 Nf4 $17) 31... Rxc3 32. Kf1 Ke7 (32... Rc1+ 33. Ke2 Nf4+ 34. Kd2 Rg1 35.
Rb8+ Ke7 36. Rb7+ Nd7 37. Raa7 Rxg2+ 38. Kd1 Rg1+ 39. Kd2 Rg2+ $11) 33. Ke2 (
33. Ra7+ Nd7 34. a4 Kd6 35. a5 Ra3 $17) 33... Nc5 {The second player is
working on establishing good coordination of pieces, connected knigts will
slow down advance of the white's a pawn.} 34. Ra7+ (34. Kd2 Rc4 35. Ra7+ Nfd7
$17) 34... Nfd7 35. Kd2 Rc4 36. a3 (36. Rb6 Kd8 37. Rd6 Rh4 38. h3 Rf4 $17)
36... Rd4+ 37. Kc2 Kf6 38. Rb4 Rd6 (38... Kxf5 39. Rxd4 exd4 40. a4 Ne5 41. a5
d3+ 42. Kc3 Kf4 43. Re7 f6 $19) 39. a4 (39. Rh4 Nd3 40. Kc3 Ne1 41. Rxh5 Nxg2
$19) 39... Kxf5 {The number of pawns for both sides is equal, black will start
advancing his own.} 40. a5 g5 41. Ra8 h4 42. Rb2 (42. g3 hxg3 43. hxg3 Ne6 44.
g4+ Kf6 45. Kb1 Ndc5 $19) 42... Kf4 43. Ra2 (43. Rb4+ Ke3 44. Rg4 Ne6 45. a6 f5
46. Ra4 Nd4+ $19) 43... Na6 44. Ra3 (44. Ra4+ Ke3 45. Rg4 f6 $19) 44... Ndc5
45. Rf8 f6 46. Rc8 f5 47. Rg8 Ne6 48. Kc1 Nd4 {Schlosser's progress since the
move 32. is beyond doubt. White is helpless against ever more active black
pieces.} 49. Rg7 (49. Rc8 Rd5 50. Ra8 Rc5+ 51. Kd1 Nc7 $19) 49... Nc5 50. Rc7
Ncb3+ (50... Nb5 51. Rxc5 Nxa3 52. Kb2 h3 53. g3+ Kxf3 54. Kxa3 e4 $19) 51. Kb2
Ra6 (51... Nb5 52. Ra4+ Rd4 53. Rxd4+ N3xd4 54. Rc5 h3 55. gxh3 e4 56. fxe4
fxe4 $19) 52. Rc4 (52. Rxb3 Nxb3 53. Kxb3 Rxa5 54. Rf7 h3 55. gxh3 Ra1 56. Kc4
Rd1 $19) 52... Nxa5 53. Rb4 Ra7 54. Kc3 Rc7+ 55. Kd3 Nac6 56. Rc4 h3 0-1